| 000 | 00705cab a2200241 4500 | ||
|---|---|---|---|
| 001 | ABS52785 | ||
| 008 | 090401t1995 xxu||||| |||| 00| 0 eng d | ||
| 035 | _a(Sirsi) u209 | ||
| 041 | _aeng | ||
| 100 | _aGlover, P. | ||
| 245 | _aRetrospective mortgage valuations | ||
| 260 | _c1995 | ||
| 350 | _a0 | ||
| 490 |
_aCSM (Chartered Surveyor Monthly) _v4(6) April 1995, 44-45(2) |
||
| 520 | _aTips for the valuer preparing a retrospective mortgage valuation often for negligence cases. | ||
| 650 | _aMORTGAGE VALUATIONS | ||
| 650 | _aOVER-VALUATION | ||
| 650 | _aRETROSPECTIVE MORTGAGE VALUATIONS | ||
| 650 | _aVALUATION ISSUES | ||
| 690 | _aRATING AND VALUATION | ||
| 942 | _n0 | ||
| 948 | _c04/03/1997 | ||
| 999 |
_c83 _d83 |
||